Die Grundzuge des gegenwartigen Zeitalters
Αποθηκεύτηκε σε:
| Κύριος συγγραφέας: | |
|---|---|
| Άλλοι συγγραφείς: | |
| Μορφή: | Βιβλίο |
| Γλώσσα: | German |
| Δημοσίευση: |
Leipzig :
Felix Meiner,
[1943?]
|
| Σειρά: | Philosophische Bibliothek ;
; 130 |
| Θέματα: | |
| Ετικέτες: |
Προσθήκη ετικέτας
Δεν υπάρχουν, Καταχωρήστε ετικέτα πρώτοι!
|
MARC
| LEADER | 00000cam a2200000 i 4500 | ||
|---|---|---|---|
| 001 | 1/40724 | ||
| 008 | 070207s1943 ger d | ||
| 035 | |l 10086902 | ||
| 040 | |a GR-MY-UA |b gre |e aacr | ||
| 041 | 0 | |a ger | |
| 082 | 0 | |a 193 |2 (22) | |
| 100 | 0 | |a Fichte, Johann Gottlieb |d 1762-1814. | |
| 245 | 1 | 4 | |a Die Grundzuge des gegenwartigen Zeitalters / |c Joh. Gottlieb Fichte ; neu herausgegeben von Fritz Medicus |
| 260 | |a Leipzig : |b Felix Meiner, |c [1943?] | ||
| 300 | |a 260 σ.; |c 22 εκ. | ||
| 490 | 1 | |a Der Philosophischen Bibliothek |v ; 130 | |
| 500 | |a Με: Der geschlossne Handelsstaat: ein philosophischer Entwurf als Anhang zur Rechtslehre und Probe einer kunftig zu liefernden Politik | ||
| 650 | 0 | 0 | |a Philosophy, German. |
| 650 | 0 | 0 | |a Commercial policy. |
| 650 | 0 | 0 | |a State, The. |
| 700 | 1 | |a Medicus, Fritz, |d 1876-1956. |4 edt | |
| 830 | 0 | |a Philosophische Bibliothek ; |v ; 130 | |
| 852 | |a INST |b RHODES |c KRI |e 20070207 |h 193 FIC |p 005400020752 |q 005400020752 |t BK |y 0 | ||
| 901 | |a BIBL4-2007-1 | ||
| 909 | |a Ρ |b 123678 | ||
| 970 | |a ΚΟΖΑ |b ΜΑΡΙΑ |z 2007/02/07 | ||